Detalles MARC
| 000 -LÍDER |
| Campo fijo de descripción fija |
01091nam a22003137a 4500 |
| 003 - IDENTIFICADOR DEL NÚMERO DE CONTROL |
| Campo de control |
BCEG |
| 005 - FECHA Y HORA DE LA ULTIMA TRANSACCIÓN |
| control field |
20260323122953.0 |
| 008 - ELEMENTOS DE LONGITUD FIJA -- INFORMACIÓN GENERAL |
| Campo fijo de descripción fija -- Información general |
260323s2018 mx|||||| |||| 00| 0 spa d |
| 020 ## - ISBN |
| Isbn |
9786075391717 |
| 040 ## - FUENTE DE CATALOGACIÓN |
| Agencia de catalogación original |
BCEG |
| Idioma de catalogación |
spa |
| Agencia que realiza la transcripción |
BCEG |
| 082 04 - NÚMERO DE CLASIFICACIÓN DECIMAL DEWEY |
| Número de clasificación |
393.3 |
| Clave de autor-Numero de item |
M732i |
| 245 00 - TÍTULO PROPIAMENTE DICHO |
| Título |
Momias |
| Otra información sobre el título - Subtitulo |
: ilusiones de vida eterna. |
| 260 ## - PUBLICACIÓN, DISTRIBUCIÓN, ETC. (PIE DE IMPRENTA) |
| Lugar de publicación, distribución, etc. |
Ciudad de México : |
| Nombre del editor, distribuidor, etc. |
Instituto Nacional de Antropología e Historia, |
| Fecha de publicación, distribución, etc. |
2018. |
| 300 ## - DESCRIPCIÓN FÍSICA |
| Extensión |
80 p. |
| Otros detalles físicos |
: il., fots. |
| 490 ## - MENCIÓN DE SERIE |
| Mención de serie |
Museos y Galerías. |
| 504 ## - NOTA DE BIBLIOGRAFÍA, ETC. |
| Nota de bibliografía, etc |
Incluye bibliografía. |
| 541 ## - NOTA DE FUENTE INMEDIATA DE ADQUISICIÓN |
| Nota de fuente de adquisición |
Compra. |
| 610 24 - ASIENTO SECUNDARIO DE MATERIA - NOMBRE CORPORATIVO |
| Nombre corporativo o nombre de la jurisdicción como elemento de entrada |
Museo de El Carmen (Ciudad de México, México). |
| 650 14 - ASIENTO SECUNDARIO DE MATERIA - TERMINO TEMÁTICO |
| Término temático o nombre geográfico como elemento de entrada |
Momias |
| Subdivisión de forma |
Exhibiciones. |
| 650 14 - ASIENTO SECUNDARIO DE MATERIA - TERMINO TEMÁTICO |
| Término temático o nombre geográfico como elemento de entrada |
Embalsamiento |
| Subdivisión de forma |
Exhibiciones. |
| 700 1# - ASIENTO SECUNDARIO - NOMBRE PERSONAL |
| Nombre personal |
Jiménez López, José Concepción, |
| Fechas asociadas con el nombre |
1949-2020, |
| Función o responsabilidad del autor |
coaut. |
| 700 1# - ASIENTO SECUNDARIO - NOMBRE PERSONAL |
| Nombre personal |
Ledesma Bouchan, Patricia, |
| Función o responsabilidad del autor |
coaut. |
| 700 1# - ASIENTO SECUNDARIO - NOMBRE PERSONAL |
| Nombre personal |
Maquívar Maquívar, María del Consuelo, |
| Función o responsabilidad del autor |
coaut. |
| 700 1# - ASIENTO SECUNDARIO - NOMBRE PERSONAL |
| Nombre personal |
Castañeda García, Gliserio, |
| Función o responsabilidad del autor |
fot. |
| 700 1# - ASIENTO SECUNDARIO - NOMBRE PERSONAL |
| Nombre personal |
Méndez Domínguez, Carlos, |
| Función o responsabilidad del autor |
ed. |
| 700 1# - ASIENTO SECUNDARIO - NOMBRE PERSONAL |
| Nombre personal |
Prieto Hernández, Diego, |
| Fechas asociadas con el nombre |
1956-, |
| Función o responsabilidad del autor |
pres. |
| 700 1# - ASIENTO SECUNDARIO - NOMBRE PERSONAL |
| Nombre personal |
Marín Gutiérrez, Alfredo, |
| Función o responsabilidad del autor |
pres. |
| 942 ## - TIPO DE MATERIAL (KOHA) |
| Tipo de Item KOHA |
Libro |